Normal view MARC view

Entry Personal Name

Number of records used in: 1

001 - CONTROL NUMBER

  • control field: 1236667

003 - CONTROL NUMBER IDENTIFIER

  • control field: OSt

005 - DATE AND TIME OF LATEST TRANSACTION

  • control field: 20260430150152.0

008 - FIXED-LENGTH DATA ELEMENTS

  • fixed length control field: 260430|| aca||aabn | a|a d

040 ## - CATALOGING SOURCE

  • Original cataloging agency: OSt
  • Transcribing agency: OSt

100 ## - HEADING--PERSONAL NAME

  • Personal name: Nagar Shekhar Au.; Negi Ram Krishan Gu

670 ## - SOURCE DATA FOUND

  • Source citation: Work cat.: (OSt)1849121: Nagar Shekhar Au.; Negi Ram Krishan Gu., Exploring the microbial diversity and functional dynamics of a meso-thermic himalayan hot spring khirganga, India using (meta) genomics, 2022
Copyright @ Delhi University Library System